000 00503nam a2200169 i 4500
001 43818
003 ES-MaACL
005 20231103062528.0
007 t|
008 030318s1932 fr ||||1| fre d
245 0 4 _aLes causes profondes de la Revolution Française.
260 _a[S.l. :
_bs.n.,
_c1932] (
_eBourges :
_fImp. Ouvriere du Centre)
300 _a30 p. ;
_c19 cm.
651 4 _aFrancia-
_xHistoria-
_y1789-1799, Revolución
_98685
852 _aES-MaACL
_j1791-F-17
999 _c43818
_d43818